ERIC : 1992 - September 1996

Bewaard in:
Bibliografische gegevens
Formaat: Boek
Taal:Undetermined
Gepubliceerd in: Norwood, Mass. SilverPlatter 1996
Onderwerpen:
Tags: Voeg label toe
Geen labels, Wees de eerste die dit record labelt!
Thư viện lưu trữ: Trung tâm Học liệu Trường Đại học Cần Thơ
LEADER 00477nam a2200181Ia 4500
001 CTU_29366
008 210402s9999 xx 000 0 und d
082 |a 370 
082 |b E68 
245 0 |a ERIC : 
245 0 |b 1992 - September 1996 
260 |a Norwood, Mass. 
260 |b SilverPlatter 
260 |c 1996 
650 |a Giáo dục,Education 
650 |x Nghiên cứu,Research 
904 |i Minh, 990331 
980 |a Trung tâm Học liệu Trường Đại học Cần Thơ